000 00461nam a2200145Ia 4500
003 OSt
005 20260129113126.0
008 211028s2018 xx 000 0 und d
040 _cAIMIT LIBRARY
041 _aeng
100 _aD Souza, Lionel Rolson; P V Sumitha.
_g1616092
_97848
245 _aStudy on impact of technology on stress and work life balance of employees in Marian enterprises /
260 _aMangalore ;
_bP V Sumitha.
_c2018
942 _2ddc
_cPRO
999 _c219416
_d219416